000
00218 a2200097 4500
001
34779
100
_a
Scorer S R
245
_a
Satellite as microscope
260
_a
New York
_b
Ellis Hordwood
_c
090
_c
23041
_d
23041
942
_a
NUST-CAE
_c
M
_c
14494
999
_c
269852
_d
269852